Steam tables with mollier diagram : (Record no. 153519)

MARC details
000 -LEADER
fixed length control field 00625nam a22002057a 4500
005 - DATE AND TIME OF LATEST TRANSACTION
control field 20180706142623.0
010 ## - LCCN (DPL NO)
LC control number ENG-123396
020 ## - INTERNATIONAL STANDARD BOOK NUMBER
Terms of availability 99.00
International Standard Book Number 9788121906548
035 ## - SYSTEM CONTROL NUMBER
System control number EN-106928
037 ## - SOURCE OF ACQUISITION
Source of stock number/acquisition DBAD/PUB
082 ## - DEWEY DECIMAL CLASSIFICATION NUMBER
Classification number 621.180212
100 ## - MAIN ENTRY--PERSONAL NAME
Personal name Khurmi, R.S.
245 00 - TITLE STATEMENT
Title Steam tables with mollier diagram :
Statement of responsibility, etc by R.S. Khurmi [and] N. Khurmi
Remainder of title In s.l. units /
260 ## - PUBLICATION, DISTRIBUTION, ETC. (IMPRINT)
Place of publication, distribution, etc New Delhi
Name of publisher, distributor, etc S. Chand and Company
Date of publication, distribution, etc 2018
270 ## - ADDRESS
Address 7361, Ram Nagar,
City New Delhi
Postal code 110055
300 ## - PHYSICAL DESCRIPTION
Extent 24p.
Dimensions 24cm(pbk)
500 ## - GENERAL NOTE
General note It includes chart-1
700 ## - ADDED ENTRY--PERSONAL NAME
Personal name Khurmi, N.
942 ## - ADDED ENTRY ELEMENTS (KOHA)
Source of classification or shelving scheme Dewey Decimal Classification
Item type English Books
Call number suffix KHU
Classification part 621.180212
Holdings
Withdrawn status Lost status Not for loan Collection code Home library Current library Date acquired Source of acquisition Cost, normal purchase price Full call number Barcode Copy number Cost, replacement price Koha item type
    Not For Loan Non-fiction D.B.Act.Division Central Library 06/07/2018 DBAD/PUB 99.00 621.180212 KHU EN-106928 1 99.00 English Books

© Delhi Public Library
Hit Counter
free hit counter